000
00281nam a2200121Ia 4500
008
190216s9999||||xx |||||||||||||| ||und||
100
_a
Ravindranathan N
245
0
_a
Living Biographies
260
_b
Blacke & Son
_c
1985
300
_a
116p
650
_a
English Essay
942
_c
BK
999
_c
13206
_d
13206